000 01034cab a2200265 4500
001 ABS59901
008 090401t1999 xxu||||| |||| 00| 0 eng d
035 _a(Sirsi) u90876
041 _aeng
100 _aCook, A.
245 _aWhat is sustainable construction, exactly?
260 _c1999
350 _a0
490 _aBuilding
_v263(8071) 22 January 1999, 44-45(2)
520 _aConsiders the definition of `sustainable construction` in advance of the DETR guide to sustainability being published in March. Suggests that sustainable construction relates to issues such as waste management and energy-conscious design and safety, with a focus on adaption of existing buildings rather than new-build.
650 _aBUILT ENVIRONMENT-CONSTRUCTION DESIGN
650 _aENERGY EFFICIENCY
650 _aSustainability
_96271
650 _aSUSTAINABLE CONSTRUCTION
650 _aWASTE MANAGEMENT
650 _aWHOLE-LIFE COSTING
690 _aBUILT ENVIRONMENT-CONSTRUCTION DESIGN
942 _n0
948 _c22/01/1999
999 _c57648
_d57648